000 00291nam a22001337a 4500
008 170301b xxu||||| |||| 00| 0 eng d
020 _a8634305570
041 _aSRB
080 _a616.8 006
100 _a6
101 _aSHM
245 _aKAKO POBIJEDITI RAK
_cPAVELIC.T
942 _2udc
_cBK
999 _c6472
_d6472